Liberty after freedom : a history of article 21, due process and the constitution of India (Record no. 3291)

MARC details
000 -LEADER
fixed length control field 00486nam a22001817a 4500
003 - CONTROL NUMBER IDENTIFIER
control field OSt
005 - DATE AND TIME OF LATEST TRANSACTION
control field 20231109130655.0
008 - FIXED-LENGTH DATA ELEMENTS--GENERAL INFORMATION
fixed length control field 230718b |||||||| |||| 00| 0 eng d
020 ## - INTERNATIONAL STANDARD BOOK NUMBER
International Standard Book Number 9789356990272
082 ## - DEWEY DECIMAL CLASSIFICATION NUMBER
Classification number 342.5402
Item number ALVL
100 ## - MAIN ENTRY--PERSONAL NAME
Personal name ALVA, Rohan J.
245 ## - TITLE STATEMENT
Title Liberty after freedom : a history of article 21, due process and the constitution of India
260 ## - PUBLICATION, DISTRIBUTION, ETC.
Place of publication, distribution, etc. Gurugram
Name of publisher, distributor, etc. Harper Collins
Date of publication, distribution, etc. 2023
300 ## - PHYSICAL DESCRIPTION
Extent 289p
546 ## - LANGUAGE NOTE
Language note English
650 ## - SUBJECT ADDED ENTRY--TOPICAL TERM
Topical term or geographic name entry element Law
942 ## - ADDED ENTRY ELEMENTS (KOHA)
Source of classification or shelving scheme Dewey Decimal Classification
Koha item type Book
Holdings
Withdrawn status Lost status Source of classification or shelving scheme Damaged status Not for loan Collection code Home library Current library Shelving location Date acquired Source of acquisition Cost, normal purchase price Inventory number Full call number Barcode Date last seen Price effective from Koha item type Public note
    Dewey Decimal Classification     Non-fiction RIC Library RIC Library General Stacks 07/18/2023 Shiv Book House 499.00 314/27.06.2023 342.54 ALVL 002563 07/18/2023 07/18/2023 Book R-7.6

Venue

Rajasthan International Centre
Sansthan Path,JLN Marg, Jaipur- 302017
Phone: +91-7230904025